| 000 | 00431nam a22001577a 4500 | ||
|---|---|---|---|
| 999 |
_c15697 _d15697 |
||
| 003 | OSt | ||
| 008 | 190528b ||||| |||| 00| 0 eng d | ||
| 020 | _a978931226940 | ||
| 082 |
_a630.954 _bALI/PR |
||
| 100 |
_aAli, Nawab. _94187 |
||
| 245 | _aPrinciples and practices of agricultural processing | ||
| 260 |
_aDelhi _bsatish Serial Publishing House _c2014 |
||
| 300 | _a542 p. | ||
| 700 |
_aMangaraj, shukadev. _94188 |
||
| 942 | _cBK | ||